| 000 | 00976nam a2200253Ia 4500 | ||
|---|---|---|---|
| 003 | GCL | ||
| 008 | 140319s9999 xx 000 0 ara d | ||
| 020 | _a071320977 | ||
| 040 |
_aGCL / _cGCL |
||
| 082 | 0 | 4 |
_a612.62 _bز ا |
| 100 | 1 | _aزكريا الشيخة | |
| 245 | 1 | 0 |
_aامراض النساء - الاعراض والوقاية والعلاج / _cزكريا الشيخة |
| 260 |
_aالقاهرة : _bمركز الاهرام للترجمة والنشر ، _c2001 |
||
| 300 |
_a185 ص ؛ _c20 سم |
||
| 490 |
_aاعرف صحتك _v27 |
||
| 650 | 0 | 4 | _aالولادة |
| 650 | 0 | 4 | _aالمرأة - رعاية صحية |
| 650 | 0 | 4 | _aالمرأة - امراض |
| 650 | 0 | 4 | _aالجهاز التناسلى للمرأة - امراض |
| 650 | 0 | 4 | _aالجهاز التناسلى للمرأة - اورام |
| 650 | 0 | 4 | _aالجهاز التناسلى للمرأة - فسيولوجيا |
| 650 | 0 | 4 | _aالجهاز التناسلى للمرأة - فحص |
| 942 |
_2ddc _cBK |
||
| 999 |
_c58328 _d58328 |
||